New approaches to creating a culture of innovation (Record no. 4757)

MARC details
000 -CABECERA
campo de control de longitud fija 02413cam a2200289 i 4500
001 - NÚMERO DE CONTROL
campo de control 991107471919706196
005 - FECHA Y HORA DE LA ÚLTIMA TRANSACCIÓN
campo de control 20260121103752.0
008 - DATOS DE LONGITUD FIJA--INFORMACIÓN GENERAL
campo de control de longitud fija 240721t20252025enka b 001 0 eng d
020 ## - NÚMERO INTERNACIONAL ESTÁNDAR DEL LIBRO
Número Internacional Estándar del Libro 9781836084570
Información calificativa paperback
035 ## - NÚMERO DE CONTROL DEL SISTEMA
Número de control de sistema (OCoLC)1446794184
035 ## - NÚMERO DE CONTROL DEL SISTEMA
Número de control de sistema (OCoLC)on1446794184
040 ## - FUENTE DE LA CATALOGACIÓN
Centro catalogador/agencia de origen YDX
Lengua de catalogación eng
Normas de descripción rda
Centro/agencia transcriptor YDX
Centro/agencia modificador OCLCO
-- BDX
-- YDX
041 ## - CÓDIGO DE LENGUA
Código de lengua del texto/banda sonora o título independiente English
050 #4 - SIGNATURA TOPOGRÁFICA DE LA BIBLIOTECA DEL CONGRESO
Número de clasificación HD53
Número de documento/Ítem .T76 2025
100 ## - ENTRADA PRINCIPAL--NOMBRE DE PERSONA
Nombre de persona Trompenaars, Alfons,
Término indicativo de función/relación author.
9 (RLIN) 25487
245 10 - MENCIÓN DE TÍTULO
Título New approaches to creating a culture of innovation
Mención de responsabilidad, etc. / by Fons Trompenaars and Peter Woolliams.
250 ## - MENCIÓN DE EDICIÓN
Mención de edición First edition.
264 #1 - PRODUCCIÓN, PUBLICACIÓN, DISTRIBUCIÓN, FABRICACIÓN Y COPYRIGHT
Producción, publicación, distribución, fabricación y copyright United Kingdom :
Nombre del de productor, editor, distribuidor, fabricante Emerald Publishing,
Fecha de producción, publicación, distribución, fabricación o copyright 2025.
300 ## - DESCRIPCIÓN FÍSICA
Extensión ix, 93 pages ;
Dimensiones 23 cm.
490 0# - MENCIÓN DE SERIE
Mención de serie The new business culture series
504 ## - NOTA DE BIBLIOGRAFÍA, ETC.
Nota de bibliografía, etc. Includes bibliographical references and index.
520 ## - SUMARIO, ETC.
Sumario, etc. In an era marked by the dominance of a few corporate giants, and the ease of replicating ideas at minimal costs, the imperative for organisations of all sizes to continually innovate has become paramount. Faced with this reality, CEOs increasingly perceive innovation as the key to fostering organic growth and enhancing brand equity. Rather than confining innovation to product or process development, business leaders are pivoting towards innovative business model differentiation as a cornerstone of success.<br/><br/>New Approaches to Creating a Culture of Innovation offers fascinating insights into how companies can embrace innovation and make it work for them at both a personal and company level. Drawing on extensive market research, business gurus Fons Trompenaars and Peter Woolliams outline effective innovation strategies that can be implemented at scale.<br/><br/>This original work will appeal to specialists in all areas of management and leadership, HR professionals giving support to the development of individuals and teams, leaders involved in changing their corporate culture, employees wanting to exert their creativity, and business studies students at both undergraduate and MBA levels. Purchase of this book includes exclusive access to app-based content, enabling readers to explore the application of specific concepts in further detail.
650 #0 - PUNTO DE ACCESO ADICIONAL DE MATERIA--TÉRMINO DE MATERIA
Término de materia o nombre geográfico como elemento de entrada Creative ability in business
9 (RLIN) 4129
650 #0 - PUNTO DE ACCESO ADICIONAL DE MATERIA--TÉRMINO DE MATERIA
Término de materia o nombre geográfico como elemento de entrada Business enterprises
Subdivisión general Technological innovations
9 (RLIN) 3387
700 ## - ENTRADA AGREGADA--NOMBRE PERSONAL
Nombre de persona Woolliams, Peter,
Término indicativo de función/relación author.
URI de un objeto del mundo real https://id.oclc.org/worldcat/entity/E39PCjxJqwKvFfRG8fk7xwyG9C
9 (RLIN) 25488
942 ## - ELEMENTOS DE ENTRADA AGREGADA (KOHA)
Fuente del sistema de clasificación o colocación Clasificación de Library of Congress
Holdings
Estado de retiro Estado de pérdida Fuente del sistema de clasificación o colocación Estado dañado No para préstamo Biblioteca de origen Biblioteca actual Fecha de adquisición Total de préstamos Signatura topográfica completa Código de barras Fecha visto por última vez Número de copia Precio válido a partir de Tipo de ítem Koha
    Clasificación de Library of Congress     TBS Barcelona TBS Barcelona 17/06/2025   HD53 TRO B05833 17/06/2025 1 17/06/2025 Book

Powered by Koha